Normal view
MARC view
- Time-Life Books.
Entry Corporate Name
001 - CONTROL NUMBER
- control field: 7930
003 - CONTROL NUMBER IDENTIFIER
- control field: NUST
005 - DATE AND TIME OF LATEST TRANSACTION
- control field: 20180101144836.0
008 - FIXED-LENGTH DATA ELEMENTS
- fixed length control field: 180101|| aca||aabn | a|a d
040 ## - CATALOGING SOURCE
- Original cataloging agency: NUST
- Transcribing agency: NUST
110 ## - HEADING--CORPORATE NAME
- Corporate name or jurisdiction name as entry element: Time-Life Books.
670 ## - SOURCE DATA FOUND
- Source citation: Work cat.: (NUST)0: Crockett, James Underwood. 7928, Evergreens,, 1971
